zpět

Detail výsledku týmu

Kulturní dům, Zašová

Datum a čas kvízu

20.5 Celkem bodů Celkový počet nahraných bodů na tomto kvízu bez doplňovacích otázek.
6. Pořadí na kvízu Konečné umístění týmu na tomto kvízu.

Zaznamenané odpovědi

# Otázka Odpověď Body Výsledky
1. Sociální demokraté si na svém... Ondřej Veselý, Michal Šmarda, Jana Maláčová, Tomáš Petříček, Roman Onderka 0.5
2. Hasiči z hesenského Bensheimu... krysu 0
3. V minulých dnech bylo oznámeno... Marek Ztracený 0
4. Irský oděvní řetězec, populárn... Primark 1
5. Český cyklista Zdeněk Štybar o... v Belgii 0
6. Karlovy Vary, Kutná Hora, Klad... Klatovy 0
7. Francium, rubidium, cesium, dr... lithium (Li) 0
8. Schillerová, Babiš, Kalousek,... Jan Fischer 0
9. Bohdalová, Kubišová, Rettigová... Božena Němcová 1
10. Komedie omylů, Zkrocení zlé že... Mnoho povyku pro nic 0